000 00678nam a2200217 u 4500
005 20231125063629.0
008 150223s2003 Ve r 000 0 spa d
020 _a9802573094
035 _aUPN01000201994
049 _aI
050 4 _aPZ76.3
_bW5.2
100 1 _aWild, Margaret,
_d1948-
_936684
245 1 1 _a¡Beso, beso! /
_cMargaret Wild, Bridget Strevens-Marzo ; tr. Verónica Uribe.
260 _aCaracas :
_bEkaré,
_c2003.
300 _a[24] p. :
_bprincipalmente il. col.
650 7 _aAnimales
_vLiteratura infantil
_2
_91061
650 2 _aRelación madre-hijo
_921217
700 1 _aStrevens-Marzo, Bridget ,
_ecoaut.
905 _aInfantil
999 _c174095
_d174095